000 00359nam a2200157Ia 4500
003 OSt
005 20240118125329.0
008 170524s9999 xx 000 0 und d
020 _a0071332596
040 _ciimt university meerut
100 _aPIERCE JON L
100 _c2011
245 0 _aLEADERS: THE LEADERSHIP PROCESS
260 _aTMH
942 _2ddc
_c02
999 _c2883
_d2883